00331nam a2200133Ia 45000030006000000080041000060400015000471000034000622450053000962500010001492600009001595460012001680050017001800STCL150530s9999 xx 000 0 und d aSTCLcSTCL aStorey Graham; Holland, P; Ed aAngel with horns fifteen lectures on Shakespeare aFirst c1989 aEnglish20220125170956.0